01090cam a22002651 4500001001300000003000400013005001700017008004100034010001700075040001800092043001200110050001800122245006500140260004400205300005800249490005300307500005800360504011000418505008400528651003000612651003500642700005700677700004500734810004500779sa 68000671 DLC20260227112426.0710901m19439999ii abj b 000 0 eng  asa 68000671  aDLCcDLCdDLC aa-ii---00aDS485.G8bG5504aThe Glory that was Gūrjaradeśa,cedited by K. M. Munshi. aBombay,bBharatiya Vidya Bhavan,c1943- av.billus., geneal. tables, maps (part fold.)c25 cm.1 av. 3 has series: Bharatiya Vidya memoirs, no. 3. a"The Mularaja Solanki millennial celebration volume." aBibliographical references included in "List of abbreviations": pt. 1, p. [xiii]-xiv; pt. 3, p. [xi]-xii.0 apt. 1. The pre-historic west coast. --pt. 3. The Imperial Gūrjaras. 1st ed. 0aGujarat (India)xHistory. 0aGujarat (India)xCivilization.0 aMularaja Solanki,cKing of Gujarat,dactive 942-997.1 aMunshi, Kanaiyalal Maneklal,d1887-1971.2 aBharatiya Vidya Bhavan.tMemoirs,vno. 3